000 00530nam a2200181Ia 4500
008 151018s9999 xx 000 0 und d
082 _bRBASDV4978
_a891.463
100 _a-
245 _aशिल्पाकृतीचे रहस्य
250 _b1
260 _bशरदचंद्र टोंगो
_c1960
300 _a12
600 _a-
630 _aशिल्पाकृतीचे रहस्य
700 _a-
730 _aशिल्पाकृतीचे रहस्य
942 _cBOOK
999 _c1007362
_d1007359